[Event "Guimaraes Open 2019"]
[Site "Guimaraes"]
[Date "2019.08.31"]
[Round "6.14"]
[White "Forgas Moreno, Yaniela"]
[Black "Tevar Becerra, Alvaro"]
[Result "1-0"]
[WhiteElo "2276"]
[BlackElo "1990"]
[Annotator "TA"]
[PlyCount "61"]
[EventDate "2019.08.28"]
[EventType "swiss"]
[EventCountry "POR"]
[SourceTitle "playchess.com"]
[Source "ChessBase"]
[SourceQuality "1"]

{[%evp 18,61,22,-8,13,0,8,0,0,-32,-29,-43,17,-40,0,0,273,270,258,265,253,123,123,123,123,123,128,130,193,181,315,315,304,289,441,377,1043,410,29994,29995,29995,29996,29996,29997,29997,29998]} 1. e4 c5 2. Nc3 e6 3. g3 Nc6 4. Bg2 Nf6 5. d3 Be7 6. Nh3 O-O 7. O-O d5 8. exd5 exd5 9. Nf4 d4 10. Ne4 Bf5 {B23: Closed Sicilian: Lines without g3} (10... Ne5 11. Nxf6+ Bxf6 12. h3 g6 13. Re1 Bg7 14. Bd2 Bd7 15. b3 Bc6 16. Bxc6 Nxc6 17. Qf3 Qd7 18. Kg2 {½-½ (74) Nadanian,A (2428)-Pasiev,R (2384) Khanty-Mansiysk 2013}) 11. Re1 Qd7 12. Nxf6+ Bxf6 {The position is equal.} 13. Nd5 Be5 14. Qh5 $146 {Threatens to win with Rxe5!} ({Predecessor:} 14. Bf4 Rfe8 15. Qd2 Bxf4 16. Qxf4 Rac8 17. Qg5 Kh8 18. a3 {½-½ (42) Valet,R (2023)-Astengo,C (2125) Arco 2017}) 14... Bg4 (14... Rae8 $15 15. h3 f6) 15. Qh4 ({Better is} 15. Ne7+ $1 $11 Nxe7 16. Qxe5 {[%mdl 64] Double Attack}) 15... Be6 16. Nf4 Bg4 $2 {[%mdl 8192]} (16... Bxf4 $11 {and Black has nothing to worry.} 17. Bxf4 Bd5) 17. Bxc6 $18 bxc6 18. Rxe5 f6 19. Re4 (19. Rxc5 $18 g5 20. Qh6 gxf4 21. Qxf4 (21. Bxf4 Bf3 $18)) 19... g5 $16 20. Qh6 {Nh5 is the strong threat.} gxf4 21. Rxf4 Rae8 {Strongly threatening ...Re1+.} 22. Bd2 Re2 {[#]} (22... Re5 $16) 23. Re1 $1 $40 {[%mdl 128] White attacks with force.} Rxd2 {[#]} (23... Rxe1+ {is a better defense.} 24. Bxe1 Qe6) 24. Rxg4+ $1 {[%mdl 576] Discovered Attack} Qxg4 25. Qxd2 {[%mdl 4096] Endgame KQR-KQR} f5 (25... Qd7 {was necessary.} 26. Qa5 Rb8 27. Qxc5 Rb5 28. Qc4+ Qd5) 26. Qh6 f4 $2 (26... Qg6 27. Qf4 a5) 27. Re7 (27. Re5 $142) 27... Qd1+ {[#]} (27... Qg6 $18 28. Qxg6+ hxg6 29. gxf4 Rf7) 28. Kg2 $1 {[%csl Ge7][%cal Rh6h7] White mates.} f3+ {[#]} 29. Kh3 $1 {[%csl Ge7][%cal Rh6h7]} Qf1+ {[#]} 30. Kh4 $1 {[%csl Ge7][%cal Rh6h7]} Rf4+ 31. Qxf4 {Accuracy: White = 44%, Black = 22%.} 1-0

[Event "Guimaraes Open 2019"]
[Site "Guimaraes"]
[Date "2019.08.31"]
[Round "6.15"]
[White "Lara Lopez, Sergio"]
[Black "Andrade, Ricardo Sarmento"]
[Result "1-0"]
[WhiteElo "2226"]
[BlackElo "1756"]
[Annotator "TA"]
[PlyCount "45"]
[EventDate "2019.08.28"]
[EventType "swiss"]
[EventCountry "POR"]
[SourceTitle "playchess.com"]
[Source "ChessBase"]
[SourceQuality "1"]

{[%evp 19,45,-2,2,-41,-31,-23,-38,-135,-18,-14,0,7,19,28,118,107,156,131,422,440,427,333,568,590,610,472,840,761]} 1. e4 c5 2. Nc3 Nc6 3. g3 g6 4. Bg2 Bg7 5. d3 d6 6. Be3 e5 7. Qd2 Nge7 8. Bh6 O-O 9. h4 Bxh6 10. Qxh6 f6 $1 11. Nh3 {B26: Closed Sicilian: 3 g3, lines with early Be3} (11. Bh3 Bxh3 12. Nxh3 Nd4 13. O-O-O b5 14. Qd2 b4 15. Ne2 Nec6 16. Nxd4 Nxd4 17. Ng1 f5 18. f4 Qf6 19. exf5 Qxf5 {½-½ (42) Donev,I (2322)-Sergeev,V (2412) Austria 2018}) 11... Nd4 12. Qd2 Bg4 13. f4 $146 {[#]} (13. Ng1 $15) ({Predecessor:} 13. Ng1 Rc8 14. f3 Be6 15. Nce2 d5 16. Nxd4 cxd4 17. Bh3 Qb6 18. Bxe6+ Qxe6 {0-1 (69) Cusnariov,N (2158)-Glantz,R (2018) Berlin 2007}) 13... b5 ({Black should play} 13... Qd7 $1 $17 14. Nf2 Bf3) 14. O-O $11 b4 15. Nd1 {[%cal Bc3d1,Bd1e3,Be3g4][%mdl 32]} Qc8 16. Kh2 f5 (16... exf4 $11 17. Rxf4 Bxd1 18. Rxd1 Nec6) 17. Ne3 fxe4 18. dxe4 Nb5 $2 {[%mdl 8192] [#]} (18... Bxh3 $16 {might work better.} 19. Bxh3 Qc6) 19. f5 $1 $18 {[%mdl 512]} Bxh3 (19... gxf5 20. exf5) 20. Bxh3 gxf5 $2 (20... Qb7 {was called for.} 21. f6 Nc6 22. f7+ Rxf7) 21. exf5 {White is clearly winning.} Qd8 {If Black can now play ...Kh8 this consolidates a bit.} 22. Ng4 Nc7 (22... Kh8 $142 23. f6 Nc6) 23. f6 {Accuracy: White = 71%, Black = 12%.} 1-0

[Event "Guimaraes Open 2019"]
[Site "Guimaraes"]
[Date "2019.08.31"]
[Round "6.16"]
[White "Dias, Ivo Rodrigues"]
[Black "Nieves Cabanes, Javier"]
[Result "1-0"]
[WhiteElo "2100"]
[BlackElo "2211"]
[Annotator "TA"]
[PlyCount "75"]
[EventDate "2019.08.28"]
[EventType "swiss"]
[EventCountry "POR"]
[SourceTitle "playchess.com"]
[Source "ChessBase"]
[SourceQuality "1"]

{[%evp 9,75,18,18,0,10,18,6,12,18,15,22,13,9,-2,18,-29,0,-15,-25,-10,-26,-36,2,-16,34,0,0,0,0,0,0,0,0,0,0,-1,0,0,0,-4,48,45,34,-21,-21,-35,4,7,8,0,45,40,90,79,163,161,148,155,782,772,773,780,763,761,894,909,1248,1105]} 1. Nf3 Nf6 2. c4 e6 3. b3 d5 4. Bb2 c5 5. cxd5 exd5 6. g3 {A13: English Opening: 1...e6} Nc6 7. Bg2 d4 8. O-O {The position is equal.} Be7 9. Na3 O-O 10. e3 (10. Nc4 Bf5 11. Rc1 Rc8 12. Nfe5 Nxe5 13. Nxe5 {½-½ (55) So,W (2780)-Aronian,L (2767) Saint Louis 2018}) 10... Bg4 11. Nc4 Rc8 12. h3 Bh5 (12... Bxf3 $5 13. Bxf3 b5 14. Bxc6 Rxc6 $11) 13. g4 Bg6 14. exd4 cxd4 15. Re1 $146 ({Predecessor:} 15. d3 Nd5 16. Nxd4 Nxd4 17. Bxd4 {½-½ (60) Gehmlich,M (2187)-Sandner,G (2255) Germany 2018}) 15... Nd5 16. Nfe5 Bf6 17. Nxc6 bxc6 18. Ba3 c5 19. Qf3 Nb4 $1 {[%cal Rb4c2]} 20. Bxb4 $1 cxb4 21. Qb7 d3 22. Rac1 {[%cal Ba1c1,Bc1c4,Bc4b4,Bb4b7,Bb7d7][%mdl 32]} Qd4 23. Qd5 Qf4 24. Qf3 Rxc4 ({Black should play} 24... Qh6 $11) 25. Rxc4 $14 Qxd2 {[%mdl 64] [#] Double Attack} 26. Rd1 ({White should try} 26. Qe3 $14 Qxe3 27. fxe3) 26... Qxa2 $11 27. Rxb4 {Threatening Bf1.} Bc3 28. Rb7 {Black must now prevent Bf1.} Qe2 $132 {[%mdl 2048] Black is not keeping still} 29. Rc1 Rd8 30. Rd7 Re8 31. h4 {And now h5 would win.} h5 (31... Bf6 $16 {is a better defense.}) 32. gxh5 $18 {[%mdl 64] [#] Overworked Piece} Bxh5 33. Qxd3 Qe6 $2 (33... Qxd3 $16 34. Rxd3 Bb2) 34. Rxc3 {White is clearly winning.} Qe1+ 35. Kh2 Qxf2 36. Qg3 Qf5 37. Rd5 Qh7 38. Re3 {Accuracy: White = 60%, Black = 40%.} 1-0

[Event "Guimaraes Open 2019"]
[Site "Guimaraes"]
[Date "2019.08.31"]
[Round "6.17"]
[White "Hernandez Torralba, Jose Joaquin"]
[Black "Costa, Paulo"]
[Result "1-0"]
[WhiteElo "2061"]
[BlackElo "2186"]
[Annotator "TA"]
[PlyCount "57"]
[EventDate "2019.08.28"]
[EventType "swiss"]
[EventCountry "POR"]
[SourceTitle "playchess.com"]
[Source "ChessBase"]
[SourceQuality "1"]

{[%evp 22,57,39,41,44,0,48,25,21,-56,66,0,0,0,64,64,48,72,237,230,321,317,320,291,366,372,498,529,478,508,516,521,477,467,522,514,681,659]} 1. e4 c5 2. Nf3 e6 3. d4 cxd4 4. Nxd4 Nc6 5. Nc3 a6 6. Nxc6 bxc6 7. Bd3 d5 8. O-O Nf6 9. Re1 Be7 10. e5 Nd7 11. Qg4 g6 12. Bh6 Rb8 {B46: Sicilian: Taimanov: 5 Nc3 a6} 13. Qh3 {White wants to play Bg7.} (13. Nd1 Rb4 14. c4 dxc4 15. Bxc4 Qa5 16. Ne3 Nxe5 17. Qd4 f6 18. Qc3 Qc5 19. Rac1 a5 20. a3 {1-0 (44) Caruana,F (2791)-Svidler,P (2753) Dubai 2014}) 13... Rg8 14. a3 $146 ({Predecessor:} 14. b3 Rb4 15. Qg3 Bh4 16. Qe3 Qb6 17. Qd2 Be7 18. a3 Rh4 19. Bf4 Nc5 20. Bg3 Nxd3 21. Qxd3 {1-0 (64) El Moumen,Y (2250)-Wolter,K (2265) Cologne 2006}) 14... Nc5 {White has an edge.} 15. Bf1 (15. b3 $11) 15... a5 (15... Rxb2 $15 16. Be3 Rh8) 16. Rad1 (16. Rab1 $14) 16... Rxb2 $11 17. Be3 Rxc2 ({Better is} 17... h5 $11) 18. Bxc5 $1 $14 Bxc5 {[#]} 19. Ne4 $1 $36 {[%mdl 2624] Pin. White is in control.} Be7 $2 {[#]} (19... dxe4 $16 {is a better defense.} 20. Rxd8+ Kxd8 21. Qxh7 Rf8 22. Qh4+ Kc7) 20. Qb3 $1 $18 {[%cal Rb3c2]} Rc5 21. Nxc5 Bxc5 {[#]} 22. Rc1 $1 {[%cal Rc1c5,Bd1c1,Bc1c6,Bc6c7,Bc7c8][%mdl 32]} Be7 23. Rxc6 Kf8 24. Rec1 {White is clearly winning.} Bd7 25. Rc7 Bg5 26. R1c2 {Hoping for Qb7.} Kg7 27. Qb7 Be8 28. Bb5 Rf8 {intending ...Bxb5.} 29. Rc8 {Accuracy: White = 59%, Black = 27%.} 1-0

[Event "Guimaraes Open 2019"]
[Site "Guimaraes"]
[Date "2019.08.31"]
[Round "6.18"]
[White "Marques, Ricardo Taborda Trig"]
[Black "Garcia Gimenez, Santiago"]
[Result "0-1"]
[WhiteElo "1958"]
[BlackElo "2161"]
[Annotator "TA"]
[PlyCount "102"]
[EventDate "2019.08.28"]
[EventType "swiss"]
[EventCountry "POR"]
[SourceTitle "playchess.com"]
[Source "ChessBase"]
[SourceQuality "1"]

{[%evp 17,102,-20,-12,-23,-12,-15,15,-83,-20,-49,-67,-76,-45,-76,-76,-72,-75,-73,-75,-75,-68,-79,-74,-90,-86,-85,-51,-49,-48,-56,-10,-10,-18,-16,-20,-15,-15,-116,-108,-183,-171,-166,-164,-225,-170,-177,-79,-184,-40,-70,8,8,8,4,37,-178,-178,-291,-268,-598,-574,-2219,-4973,-5531,-291,-29988,-29981,-29981,-29982,-29982,-29983,-29983,-29984,-29984,-29985,-29985,-29986,-29986,-29987,-29987,-29980,-29988,-29989,-29992,-29990,-29994,-29995]} 1. e4 e5 2. Nf3 Nc6 3. d4 exd4 4. Nxd4 Nf6 5. Nxc6 bxc6 6. e5 Qe7 7. Qe2 Nd5 8. c4 Ba6 9. b3 g6 10. f4 {C45: Scotch Game} (10. g3 Bg7 11. Bb2 O-O 12. Bg2 Rae8 13. O-O Bxe5 14. Qxe5 Qxe5 15. Bxe5 Rxe5 16. cxd5 Bxf1 17. Kxf1 cxd5 18. Nc3 c6 19. Rd1 Rfe8 20. Bf3 Kf8 21. Ne2 {½-½ (41) Aronian,L (2765)-Amin,B (2709) Germany 2019}) 10... d6 11. Qd2 Nf6 12. Bb2 $146 (12. Qa5 $11 Bb7 13. Bb2) ({Predecessor:} 12. Ba3 c5 13. Nc3 dxe5 14. Nd5 Nxd5 15. Qxd5 Rd8 16. Qxe5 Qxe5+ 17. fxe5 Bb7 {0-1 (29) Scheider,J (2306)-Luft,D (2254) Germany 2018}) 12... Bg7 (12... dxe5 $17 13. fxe5 Ng4) 13. Nc3 dxe5 {Strongly threatening ...Rd8.} 14. O-O-O O-O 15. Re1 Rad8 16. Rxe5 Qxe5 ({Much weaker is} 16... Rxd2 $6 17. Rxe7 Rfd8 18. Be2 $14) 17. fxe5 Rxd2 18. Kxd2 Ng4 19. Be2 Rd8+ 20. Kc1 Nxe5 21. Rd1 Rxd1+ (21... Re8 {with more complications.} 22. Na4 Bh6+ 23. Kb1 Bc8 24. Bxe5 Bf5+) 22. Kxd1 Bc8 23. Na4 f5 24. Bd4 a6 25. Kc2 g5 26. Kc3 f4 27. Kb4 (27. Nc5 $11 {keeps the balance.}) 27... g4 28. Nc5 (28. Kc3 $17) 28... f3 $19 29. gxf3 gxf3 30. Bf1 (30. Bd1 $142) 30... h5 31. Kc3 a5 (31... Ng4 $19 32. Bh3 Bf5 33. Bxg7 Kxg7) 32. Kd2 (32. h3 $17) 32... Kh7 (32... Ng4 $19 33. Bxg7 Kxg7) 33. Bc3 Bf5 ({Black should try} 33... Ng4 $1 $15 34. Bd3+ Kh6 35. Bxa5 Be5) 34. Bxa5 $11 Bh6+ 35. Ke1 Bf4 {[#] White must now prevent ...Ng4.} 36. Bxc7 $2 (36. h3 $14 {keeps the upper hand.}) 36... Bxh2 $19 37. Bxe5 (37. Na6 {might work better.}) 37... Bxe5 $14 {[%mdl 4096] Endgame KBB-KBN} 38. Bd3 $2 {[#]} (38. b4 Bd4 39. Nb3) 38... Kg6 $1 $19 39. Bxf5+ Kxf5 {KB-KN} 40. Nd3 Bd4 41. a4 $2 (41. Nf2 $19) 41... Ke4 {Black mates.} 42. Nf2+ Bxf2+ 43. Kxf2 {K3P-K3P} h4 44. a5 h3 45. Kg3 Ke3 46. a6 f2 47. a7 f1=Q 48. a8=Q Qg2+ 49. Kh4 h2 {[%cal Rh2h1]} 50. Qe8+ Kd3 {[%cal Rh2h1]} 51. Qd8+ Kc2 {Accuracy: White = 34%, Black = 59%.} 0-1

[Event "Guimaraes Open 2019"]
[Site "Guimaraes"]
[Date "2019.08.31"]
[Round "6.19"]
[White "Prado Acebo, Ines"]
[Black "Pipiras, Filipa Fortuna"]
[Result "1-0"]
[WhiteElo "2142"]
[BlackElo "1959"]
[Annotator "TA"]
[PlyCount "105"]
[EventDate "2019.08.28"]
[EventType "swiss"]
[EventCountry "POR"]
[SourceTitle "playchess.com"]
[Source "ChessBase"]
[SourceQuality "1"]

{[%evp 9,105,17,29,24,15,25,40,32,38,30,33,32,52,43,48,35,44,41,47,33,33,15,48,28,35,0,6,0,7,0,20,8,27,0,0,0,29,21,20,0,0,-72,-37,-24,-28,-68,-55,-59,-14,-49,-48,-54,-43,-53,-33,-55,-53,-50,-7,-13,0,0,0,0,0,0,0,-7,0,0,0,0,0,-8,8,8,8,8,8,8,384,360,373,378,356,341,29979,2183,29980,29981,29981,29982,29982,29983,29981,29982,29982,29983]} 1. d4 d5 2. c4 e6 3. Nc3 Be7 4. cxd5 exd5 5. Bf4 c6 6. Qc2 {D31: Queen's Gambit Declined: Semi-Slav without ...Nf6 (+ Marshall Gambit and Noteboom) and Exchange Variation lines without ...Nf6} (6. e3 Bf5 7. g4 Be6 8. h3 Nd7 9. Bd3 h5 10. gxh5 Ndf6 11. h6 Nxh6 12. Qc2 Qd7 13. Nf3 Bf5 14. Ne5 Bxd3 15. Nxd3 Nh5 16. Bh2 Qxh3 {½-½ (32) Radjabov,T (2757)-Giri,A (2783) Wijk aan Zee 2019}) 6... Nf6 7. e3 Be6 8. Bd3 {White is slightly better.} Nbd7 9. h3 Rc8 10. Nf3 h6 11. O-O O-O 12. a3 a5 $146 ({Predecessor:} 12... c5 13. dxc5 Nxc5 {½-½ (41) Luka,A (1331)-Jurkiewicz,Z (1473) Iwonicz 2015}) 13. Rfd1 Re8 14. Rac1 b5 15. Bh2 Qb6 16. Qe2 Qa7 17. Nb1 Ne4 18. Rc2 Nd6 19. Rdc1 Qa8 20. b3 Bf5 21. Ne1 (21. Bxf5 {looks sharper.} Nxf5 22. a4 bxa4 23. bxa4 Bb4 24. Nbd2) 21... Bxd3 22. Nxd3 a4 23. bxa4 bxa4 24. Bxd6 Bxd6 25. Nc5 (25. Rc3 $11 {keeps the balance.}) 25... Bxc5 26. dxc5 Rb8 $36 {[%mdl 2048] Black has some pressure.} 27. Qg4 Ne5 28. Qd4 Nc4 29. Nc3 Nxa3 30. Ra2 Nb5 $1 {[%cal Rb5d4]} 31. Qxa4 Nxc3 32. Rxc3 Qxa4 33. Rxa4 $15 {[%mdl 4096] Endgame KRR-KRR} Re7 34. Ra6 Rc7 35. Kf1 Kf8 36. Rb6 Ra8 37. Ke2 Ke7 38. Kd3 Kd7 39. e4 dxe4+ 40. Kxe4 Ra4+ 41. Kf5 g6+ 42. Kf6 $1 {[%cal Rf6f7]} Rf4+ 43. Kg7 $1 Rxf2 44. Rd3+ Ke7 $2 {[%mdl 8192]} (44... Ke6 $1 $11 {and Black stays safe.}) 45. Rb8 $1 $18 {Intending Re3+ and mate.} Ke6 {[#]} 46. Re8+ $1 Kf5 47. Kxh6 Kf4 $2 {[#]} (47... Rb7 $18 48. g3 Rb4) 48. g3+ $1 Kf5 49. Rd4 {White mates.} Kf6 50. g4 {[%cal Rd4d6]} Re7 51. Rd6+ {[%mdl 64] Double Attack} Re6 52. Rdxe6+ fxe6 53. Rf8+ {Accuracy: White = 53%, Black = 53%.} 1-0

[Event "Guimaraes Open 2019"]
[Site "Guimaraes"]
[Date "2019.08.31"]
[Round "6.20"]
[White "Machado, Carlos Antonio"]
[Black "Camarena Jimenez, Rufino"]
[Result "0-1"]
[WhiteElo "1830"]
[BlackElo "2317"]
[Annotator "TA"]
[PlyCount "62"]
[EventDate "2019.08.28"]
[EventType "swiss"]
[EventCountry "POR"]
[SourceTitle "playchess.com"]
[Source "ChessBase"]
[SourceQuality "1"]

{[%evp 13,62,-8,-3,-11,-5,-13,-18,-19,-15,-60,-43,-51,0,-4,-8,0,21,-75,-27,-37,0,0,17,-6,5,4,12,0,16,12,17,6,32,0,18,10,0,-51,-48,-42,-38,-189,-190,-256,-252,-340,-312,-460,-449,-1299,-762]} 1. Nf3 Nf6 2. g3 g6 3. Bg2 Bg7 4. O-O O-O 5. d3 c5 6. c3 Nc6 7. e4 d6 8. Qc2 {A05: Réti Opening: 1 Nf3 Nf6} (8. Re1 e5 9. a3 h6 10. b4 b6 11. b5 Ne7 12. c4 a6 13. Nc3 Be6 14. Nd2 Qd7 15. Bb2 Bh3 16. Bh1 Ne8 17. a4 Nc7 {0-1 (34) Amin,B (2704)-Vachier Lagrave,M (2780) Abidjan 2019}) 8... Bd7 9. Re1 $146 ({Predecessor:} 9. h3 b5 10. Be3 Qc8 11. d4 cxd4 12. Nxd4 a6 13. Re1 Ne8 14. Qd2 Na5 15. Na3 e5 {½-½ (68) Baldus,A (1890)-Graf,P (1988) Germany 2012}) 9... b5 10. a3 {The position is equal.} a5 11. e5 dxe5 12. Nxe5 Rc8 (12... Nxe5 $15 13. Rxe5 Rc8) 13. Nxd7 Qxd7 14. Nd2 Rfd8 15. Bf1 (15. a4 $11 b4 16. Nc4) 15... a4 16. Nf3 Qd5 17. Qe2 Nd7 18. Bf4 e5 19. Be3 h6 20. Rad1 Qd6 21. Bg2 Re8 22. Nd2 Qf8 23. Qf1 f5 24. f4 Kh7 25. Nf3 ({White should play} 25. h3 $11) 25... b4 $1 $15 26. axb4 cxb4 27. fxe5 $2 ({Better is} 27. d4 $1 $15 e4 28. Ne5 Ncxe5 29. fxe5 (29. dxe5 bxc3 30. bxc3 Nc5 $11)) 27... Ncxe5 $19 28. Nxe5 (28. cxb4 {was worth a try.} Qxb4 29. Nxe5 Nxe5 30. Kh1) 28... Nxe5 29. Bd4 a3 {[%mdl 64] [#] Overworked Piece} 30. bxa3 (30. Kh1 {keeps fighting.} Ng4 31. Bg1) 30... bxc3 31. Qf4 (31. Rc1 $142 Nf3+ 32. Bxf3 Bxd4+ 33. Kg2) 31... c2 {Accuracy: White = 20%, Black = 45%.} 0-1

[Event "Guimaraes Open 2019"]
[Site "Guimaraes"]
[Date "2019.08.31"]
[Round "6.21"]
[White "Alonso Garcia, Aaron"]
[Black "Simoes, Miguel Patricio"]
[Result "1-0"]
[WhiteElo "2291"]
[BlackElo "1870"]
[Annotator "TA"]
[PlyCount "72"]
[EventDate "2019.08.28"]
[EventType "swiss"]
[EventCountry "POR"]
[SourceTitle "playchess.com"]
[Source "ChessBase"]
[SourceQuality "1"]

{[%evp 13,72,13,49,0,20,20,20,15,33,35,50,51,87,44,72,88,86,28,51,30,82,93,116,103,112,75,101,108,97,110,120,95,108,76,119,132,128,109,142,144,150,150,148,114,125,122,117,113,263,250,345,264,263,264,306,309,302,306,366,353,346]} 1. e4 e5 2. Nf3 Nc6 3. Bc4 Bc5 4. c3 Nf6 5. d3 d6 6. O-O O-O 7. Bb3 Be6 8. Bc2 {C54: Giuoco Piano: 4 c3 Nf6, main lines with 5 d4 and 5 d3} (8. Nbd2 Bxb3 9. axb3 a6 10. b4 Ba7 11. Nc4 Re8 12. Be3 Bxe3 13. fxe3 b5 14. Ncd2 a5 15. bxa5 Nxa5 {½-½ (32) Zhigalko,S (2656)-Carlsen,M (2850) Berlin 2015}) 8... d5 9. exd5 Bxd5 10. Bg5 $146 {The position is equal.} ({Predecessor:} 10. b4 Bd6 11. Re1 a5 12. b5 Na7 13. Nxe5 Re8 14. Bf4 {0-1 (51) Hajpek,E (1701)-Solina,M Trogir 2016}) 10... h6 11. Bh4 a5 12. Nbd2 Qd6 13. Re1 Nd7 14. Bg3 Qf6 15. Qe2 ({White should try} 15. Ne4 $16 Bxe4 16. Rxe4) 15... Rfe8 $11 16. Ne4 Bxe4 (16... Qd8 $11) 17. Qxe4 $16 {[#] Hoping for d4!} g6 18. Ba4 Re6 19. Bb3 Ree8 20. Bd5 Bd6 21. Bxc6 Nc5 22. Qc4 ({Not} 22. Bxe5 $2 Rxe5 23. Qc4 (23. Qd4 $2 Ne6 $19) 23... Rxe1+ 24. Rxe1 bxc6 $19) 22... bxc6 23. Bxe5 Bxe5 24. Qxc5 Bd6 25. Qc4 Rab8 {intending ...Rxe1+.} 26. b3 Rxe1+ 27. Rxe1 Rb5 28. Qd4 Qxd4 29. Nxd4 {[%mdl 4096] Endgame KRB-KRN} Rd5 30. Rd1 ({Reject} 30. Nxc6 $6 Rc5 $11) 30... Be5 (30... Bf8 $16 {was worth a try.}) 31. Nxc6 $18 {Threatens to win with Ne7+.} Kg7 32. Nxe5 Rxe5 {[#]} 33. Kf1 $1 Kf6 34. Re1 Rd5 35. Re3 c5 36. Ke2 a4 {Accuracy: White = 64%, Black = 39%.} 1-0

[Event "Guimaraes Open 2019"]
[Site "Guimaraes"]
[Date "2019.08.31"]
[Round "6.22"]
[White "Ruiz de Alegria Madariaga, Carlo"]
[Black "Lopez Gonzalez, Alfonso"]
[Result "0-1"]
[WhiteElo "1854"]
[BlackElo "2219"]
[Annotator "TA"]
[PlyCount "30"]
[EventDate "2019.08.28"]
[EventType "swiss"]
[EventCountry "POR"]
[SourceTitle "playchess.com"]
[Source "ChessBase"]
[SourceQuality "1"]

{[%evp 15,40,-57,-47,-68,-54,-118,-97,-111,-105,-129,-125,-101,-110,-131,-117,-182,-179,-167,-111,-536,-538,-813,-803,-808,-804,-1484,-1197]} 1. d4 d5 2. Nf3 Nf6 3. g3 e6 4. Bg2 Be7 5. c4 O-O 6. Nc3 dxc4 7. O-O Nc6 8. e4 a6 9. e5 {E05: Open Catalan: 5 Nf3 Be7} (9. Qe2 b5 10. Rd1 Bb7 11. Bg5 Qe8 12. e5 Nd7 13. Qe4 Nd8 14. Qf4 f6 15. exf6 Nxf6 16. Qxc7 Rc8 {½-½ (37) Sadorra,J (2596)-Azarov,S (2535) Dayton 2016}) 9... Nd5 10. a4 (10. h4 $15) 10... Rb8 11. Ne4 {Black is better.} b5 12. Bg5 $146 ({Predecessor:} 12. axb5 axb5 13. Bg5 f6 14. exf6 gxf6 15. Bh6 Rf7 16. Re1 Ndb4 {1-0 (60) Jirovsky,P (2354)-Konopka,M (2489) Germany 2006}) 12... Bb7 13. Qd2 Bxg5 14. Nfxg5 h6 15. Nh3 (15. Nf3 $17 {was worth a try.}) 15... Ndb4 {Played: Nd5-b6} 0-1

[Event "Guimaraes Open 2019"]
[Site "Guimaraes"]
[Date "2019.08.31"]
[Round "6.23"]
[White "Garcia Dorado, Alberto"]
[Black "Silva, Tiago Alexandre Pinh"]
[Result "1-0"]
[WhiteElo "2205"]
[BlackElo "1833"]
[Annotator "TA"]
[PlyCount "45"]
[EventDate "2019.08.28"]
[EventType "swiss"]
[EventCountry "POR"]
[SourceTitle "playchess.com"]
[Source "ChessBase"]
[SourceQuality "1"]

{[%evp 16,45,33,12,42,43,46,46,91,87,88,85,97,103,149,127,294,294,372,363,361,358,369,363,377,346,366,366,367,358,358,328]} 1. Nf3 Nf6 2. g3 e6 3. Bg2 d5 4. d4 Be7 5. c4 O-O 6. O-O dxc4 7. Ne5 c5 8. dxc5 Bxc5 9. Nxc4 Nc6 {E05: Open Catalan: 5 Nf3 Be7} 10. Nc3 h6 (10... Qe7 11. Bg5 h6 12. Bxf6 Qxf6 13. Ne4 Qe7 14. e3 Rd8 15. Qe2 Bd7 16. Rac1 Be8 17. a3 Bb6 18. Nxb6 axb6 19. Rfd1 Na7 20. Rxd8 Rxd8 {½-½ (46) Marin,M (2569)-Sachdev,T (2414) Douglas 2016}) 11. Bf4 Nh5 $146 {White is slightly better.} ({Predecessor:} 11... Bd7 12. Nd6 Bxd6 13. Bxd6 Re8 14. Nb5 Rc8 15. Ba3 Rb8 16. Nd6 Rf8 17. Rc1 {1-0 (37) Almasi,I (2421)-Valenti,G (2149) Arco 2017}) 12. Bd6 Bxd6 13. Qxd6 Qxd6 14. Nxd6 Nd4 15. e3 $36 {[%mdl 2048] White is in control.} Nf5 $2 {[#]} (15... Nc6 $16 16. Nce4 e5) 16. Nxc8 $18 ({Not} 16. Nxb7 Bxb7 17. Bxb7 Rab8 $16) 16... Nf6 17. e4 Raxc8 18. exf5 exf5 19. Rad1 b6 20. Rd4 Rfd8 21. Rxd8+ {White is winning.} Rxd8 22. Rd1 Rxd1+ 23. Nxd1 1-0